| 000 | 00621nam a2200193Ia 4500 | ||
|---|---|---|---|
| 005 | 20260114185658.0 | ||
| 008 | 008 260114s9999 xx 000 0 eng d | ||
| 020 | _a9781472599575 | ||
| 037 | _aEBOOK | ||
| 040 |
_aCRL _beng _cCRL |
||
| 041 |
_aeng _2eng |
||
| 084 | _qCRL | ||
| 100 |
_aBrian O'Farrell _9873040 |
||
| 245 | 0 | _aShakespeare's Patron: William Herbert, Third Earl of Pembroke, 1580 - 1630 Politics, Patronage and Power | |
| 260 |
_bBloomsbury _c2011 |
||
| 856 | _uhttps://doi.org/10.5040/9781472599575?locatt=label:secondary_bloomsburyCollections | ||
| 942 | _cEBOOK | ||
| 999 |
_c1471988 _d1471988 |
||